WWE Royal Rumble 2025 Entrants Quiz (Men's match) - Statistics

General Stats
  • This quiz has been taken 1,312 times
  • The average score is 24 of 30
Answer Stats
EN Answer EL % Correct
20 Jey Uso W
97%
23 John Cena 29
97%
1 Rey Mysterio 6
97%
16 Roman Reigns 26
97%
10 Jimmy Uso 13
96%
24 CM Punk 27
94%
2 Penta 14
94%
30 Logan Paul 28
93%
25 Seth Rollins 25
93%
26 Dominik Mysterio 19
91%
7 Bron Breakker 12
89%
8 IShowSpeed 4
87%
28 Damian Priest 22
84%
17 Drew McIntyre 21
83%
6 Otis 3
83%
3 Chad Gable 5
82%
12 Jacob Fatu 16
81%
18 Finn Balor 18
78%
4 Carmelo Hayes 1
77%
29 LA Knight 23
76%
15 Joe Hendry 11
74%
27 Sami Zayn 20
74%
21 A.J. Styles 24
72%
22 Braun Strowman 17
68%
9 Sheamus 10
66%
14 The Miz 9
66%
11 Andrade 7
58%
13 Ludwig Kaiser 8
57%
5 Santos Escobar 2
57%
19 Shinsuke Nakamura 15
54%
No matching quizzes found
Score Distribution
Percent of People with Each Score
Percentile by Number Answered
Your Score History
You have not taken this quiz